Culture, vernacular politics, and the peasants: India, 1889-1950 : (Record no. 104583)

MARC details
000 -LEADER
fixed length control field 00792nam a22002057a 4500
005 - DATE AND TIME OF LATEST TRANSACTION
control field 20161110165256.0
010 ## - LCCN (DPL NO)
LC control number ENG-116516
020 ## - INTERNATIONAL STANDARD BOOK NUMBER
International Standard Book Number 9789350980842
Terms of availability 2295.00
035 ## - SYSTEM CONTROL NUMBER
System control number EN-100048
037 ## - SOURCE OF ACQUISITION
Source of stock number/acquisition DBAD/PUB
082 ## - DEWEY DECIMAL CLASSIFICATION NUMBER
Classification number 954.084092
245 ## - TITLE STATEMENT
Title Culture, vernacular politics, and the peasants: India, 1889-1950 :
Statement of responsibility, etc trncleted and edited by Walter Hauser [and] Kailash Chandra Jha
Remainder of title an edited translation of Swami Sahajanand`s mera jivan sangharsh (my life struggle) /
260 ## - PUBLICATION, DISTRIBUTION, ETC. (IMPRINT)
Place of publication, distribution, etc New Delhi
Name of publisher, distributor, etc Manohar Publisher & Distributors
Date of publication, distribution, etc 2014
270 ## - ADDRESS
Address 4753/23 Ansari Road,Daryaganj
City New Delhi
Postal code 110002
300 ## - PHYSICAL DESCRIPTION
Extent 708p.
Dimensions 22cm (Hb)
500 ## - GENERAL NOTE
General note Includes index
700 ## - ADDED ENTRY--PERSONAL NAME
Personal name Hauser, Walter
700 ## - ADDED ENTRY--PERSONAL NAME
Personal name Jha,Kailash Chandra
942 ## - ADDED ENTRY ELEMENTS (KOHA)
Source of classification or shelving scheme Dewey Decimal Classification
Item type English Books
Classification part 954.084092
Call number suffix CUL
Holdings
Withdrawn status Lost status Not for loan Collection code Home library Current library Date acquired Source of acquisition Cost, normal purchase price Full call number Barcode Copy number Cost, replacement price Koha item type
    Not For Loan Non-fiction D.B.Act.Division Bawana 10/11/2016 DBAD/PUB 2295.00 954.084092 CUL EN-100048 1 2295.00 English Books

© Delhi Public Library
Hit Counter
free hit counter